[Event "ECU-ch U18"]
[Site "Riobamba"]
[Date "2023.04.12"]
[Round "1"]
[White "Cruz Reyes, Nick Steven"]
[Black "Plaza Moreta, Juan Daniel"]
[Result "1-0"]
[WhiteElo "1357"]
[BlackElo "1391"]
[PlyCount "39"]
[EventDate "2023.04.12"]
[EventType "swiss"]
[EventRounds "9"]
[EventCountry "ECU"]
[SourceTitle "EXT 2024"]
[Source "ChessBase"]
[SourceDate "2023.10.10"]
[SourceVersion "1"]
[SourceVersionDate "2023.10.10"]
[SourceQuality "1"]

1. d4 d5 2. Bf4 Nc6 3. e3 a6 4. Bd3 Nf6 5. c3 Bd7 6. Nd2 e6 7. Ngf3 Be7 8. h4 Bd6 9. Ne5 Bxe5 10. dxe5 Ne4 11. Bxe4 dxe4 12. Nxe4 Ne7 13. Bg5 h6 14. Bf6 0-0 15. Qg4 g6 16. h5 Qe8 17. hxg6 fxg6 18. Rxh6 Bc6 19. Rh8+ Kf7 20. Ng5# 1-0

[Event "ECU-ch Schools U13 Clas2"]
[Site "Chess.com INT"]
[Date "2020.11.20"]
[Round "5"]
[White "Ubilluz Pena, Jaiden Andres"]
[Black "Cruz Reyes, Nick Steven"]
[Result "1-0"]
[WhiteElo "1324"]
[BlackElo "1220"]
[PlyCount "83"]
[EventDate "2020.11.20"]
[EventType "swiss"]
[EventRounds "9"]
[EventCountry "ECU"]
[SourceTitle "CBM 199 Extra"]
[Source "ChessBase"]
[SourceDate "2021.01.31"]
[SourceVersion "1"]
[SourceVersionDate "2021.01.31"]
[SourceQuality "1"]

1. e4 c6 2. Nf3 d5 3. exd5 cxd5 4. d4 Nf6 5. Nc3 Bg4 6. Be2 Nbd7 7. Be3 e6 8. Bb5 Bb4 9. Bg5 Bxc3+ 10. bxc3 Qa5 11. Bxd7+ Nxd7 12. Bd2 0-0 13. h3 Bh5 14. 0-0 Qa4 15. a3 Bg6 16. Ra2 Nb6 17. Ne5 Nc4 18. Nxc4 Qxc4 19. Rb2 b6 20. Re1 Rac8 21. Re3 Qa4 22. Ra2 Qc4 23. Ra1 Qa4 24. Rc1 Qxa3 25. Rg3 Qe7 26. Bg5 f6 27. Bd2 e5 28. h4 exd4 29. h5 dxc3 30. hxg6 cxd2 31. gxh7+ Kh8 32. Qxd2 Rfe8 33. Qxd5 Red8 34. Qf5 Rc5 35. Qg6 Rc7 36. Kh2 Qe5 37. Kh3 Qe6+ 38. Kh2 Qe5 39. Kh1 Rd4 40. Re3 Rh4+ 41. Kg1 Qh2+ 42. Kf1 1-0